000 00620nam a2200205Ia 4500
003 OSt
005 20250704152831.0
008 210210b1995 xxu||||| |||| 00| 0 eng d
040 _cAL
041 _aKannada
082 _aK494.3 KANK
100 _aKANNADA SAHITYA PARISHATTU.
_d ಕನ್ನಡ ಸಾಹಿತ್ಯ ಪರಿಷತ್ತು
_9217307
245 _aKannada nighantu. 8V. V7.
_bಕನ್ನಡ ನಿಘಂಟು
260 _aBengaluru
_bNavakarnataka Pablikeshans
_c1995
300 _avi,7747
440 _a7
_9217308
690 _aKannada Dictionary
_9217309
906 _a050968
942 _2ddc
_cBK
999 _c99278
_d99278